[Event "Essen Werden op"]
[Site "Essen"]
[Date "2004.07.09"]
[Round "6"]
[White "Toedtloff, Harri"]
[Black "Schaeferskuepper, Sascha"]
[Result "1/2-1/2"]
[WhiteElo "1493"]
[BlackElo "1344"]
[PlyCount "81"]
[EventDate "2004.06.04"]
[EventType "swiss"]
[EventRounds "7"]
[EventCountry "GER"]
[SourceTitle "EXT 2007"]
[Source "ChessBase"]
[SourceDate "2006.11.23"]
[SourceVersion "1"]
[SourceVersionDate "2006.11.23"]
[SourceQuality "1"]

1. c4 e5 2. Nc3 Nc6 3. g3 d6 4. Bg2 Bd7 5. Nf3 g6 6. 0-0 Bg7 7. a3 a5 8. d3 Nge7 9. e4 0-0 10. Bg5 f6 11. Be3 b6 12. Qc2 Rc8 13. Nb5 h6 14. Qd2 Kh7 15. Nh4 f5 16. exf5 Nxf5 17. Nxf5 Rxf5 18. Be4 Rf6 19. Qe2 Ne7 20. g4 Bxb5 21. cxb5 d5 22. Bg2 Rd6 23. f4 Qe8 24. fxe5 Bxe5 25. d4 Bg7 26. Rae1 Re6 27. Qd3 Rd8 28. Re2 Rf6 29. Rfe1 Qd7 30. g5 Rf7 31. gxh6 Bxh6 32. Bxh6 Kxh6 33. Qe3+ Kg7 34. Qxe7 Qc8 35. Rf2 Rxe7 36. Rxe7+ Kh6 37. Rf3 c5 38. Rh3+ Kg5 39. Re5+ Kf6 40. Rf3+ Kg7 41. Re7+ 1/2-1/2

[Event "Essen Werden op"]
[Site "Essen"]
[Date "2004.07.02"]
[Round "5"]
[White "Seibert, Adalbert"]
[Black "Toedtloff, Harri"]
[Result "1/2-1/2"]
[WhiteElo "1653"]
[BlackElo "1493"]
[PlyCount "135"]
[EventDate "2004.06.04"]
[EventType "swiss"]
[EventRounds "7"]
[EventCountry "GER"]
[SourceTitle "EXT 2007"]
[Source "ChessBase"]
[SourceDate "2006.11.23"]
[SourceVersion "1"]
[SourceVersionDate "2006.11.23"]
[SourceQuality "1"]

1. b3 g6 2. Bb2 Nf6 3. e4 d6 4. Bc4 Bg7 5. d3 e5 6. Nc3 Nc6 7. Nge2 Na5 8. Rb1 0-0 9. Bc1 c6 10. b4 Nxc4 11. dxc4 Be6 12. Qd3 Qc7 13. a4 Nd7 14. 0-0 f5 15. Rd1 Rad8 16. Qxd6 Qxd6 17. Rxd6 Bxc4 18. b5 cxb5 19. axb5 Nb6 20. Rxd8 Rxd8 21. f3 f4 22. Ba3 Bf8 23. Bxf8 Kxf8 24. Ra1 Rd2 25. Kf2 Rxc2 26. Rxa7 Bxe2 27. Nxe2 Rc7 28. g3 g5 29. h4 h6 30. hxg5 hxg5 31. g4 Ke8 32. Ng1 Kf7 33. Nh3 Kg6 34. Kg2 Rg7 35. Nf2 Rd7 36. Kf1 Nc4 37. Ra8 b6 38. Rc8 Ne3+ 39. Ke2 Rd6 40. Nd3 Kf6 41. Rf8+ Ke6 42. Re8+ Kf6 43. Nxe5 Re6 44. Nd7+ Kf7 45. Rxe6 Kxe6 46. Nxb6 Kd6 47. Na4 Nc4 48. Ke1 Ne5 49. Kf2 Nc4 50. Ke1 Ne5 51. Kf2 Nc4 52. b6 Kc6 53. b7 Kc7 54. Nc5 Ne5 55. Ne6+ Kxb7 56. Nxg5 Kc6 57. Ne6 Ng6 58. Ke2 Kd6 59. Ng7 Ne5 60. Nh5 Ng6 61. Nf6 Ke5 62. Kf2 Kxf6 63. Ke2 Ke5 64. Kd3 Nh4 65. Ke2 Ng6 66. Kd3 Nh4 67. Ke2 Ng6 68. Kd3 1/2-1/2

[Event "Essen Werden op"]
[Site "Essen"]
[Date "2004.06.18"]
[Round "3"]
[White "Blank, Stephan"]
[Black "Toedtloff, Harri"]
[Result "0-1"]
[WhiteElo "1743"]
[BlackElo "1493"]
[PlyCount "79"]
[EventDate "2004.06.04"]
[EventType "swiss"]
[EventRounds "7"]
[EventCountry "GER"]
[SourceTitle "EXT 2007"]
[Source "ChessBase"]
[SourceDate "2006.11.23"]
[SourceVersion "1"]
[SourceVersionDate "2006.11.23"]
[SourceQuality "1"]

1. e4 g6 2. Nc3 Bg7 3. f4 c6 4. Nf3 d5 5. exd5 cxd5 6. Bb5+ Nc6 7. 0-0 Nf6 8. Ne5 0-0 9. d4 Qc7 10. Be3 Bf5 11. Bxc6 bxc6 12. g4 Bc8 13. Qf3 e6 14. Rf2 Re8 15. h4 h5 16. Ne2 hxg4 17. Nxg4 Nxg4 18. Qxg4 e5 19. Qf3 exd4 20. Nxd4 Re4 21. c3 Bxd4 22. Bxd4 Bf5 23. h5 Rae8 24. Raf1 Qe7 25. hxg6 fxg6 26. Rh2 Rxd4 27. cxd4 Qf6 28. Rd1 Re4 29. Re2 Qh4 30. Qf2 Qg4+ 31. Kf1 Rxf4 32. Rdd2 Rxf2+ 33. Rxf2 Qh3+ 34. Kg1 Be4 35. Rh2 Qg3+ 36. Kf1 Qf3+ 37. Ke1 Qg3+ 38. Kf1 Bd3+ 39. Rxd3 Qxd3+ 40. Re2 0-1